LEADER 01654nas 2200373 n 450 001 990008938220403321 005 20240229084531.0 011 $a1391-2666 035 $a000893822 035 $aFED01000893822 035 $a(Aleph)000893822FED01 035 $a000893822 091 $2CNR$aP 00145866 100 $a20161109a19909999km-y0itaa50------ba 101 0 $aeng 110 $aauu-------- 200 1 $aChartered accountant 207 1$a1990- 210 $aSydney$cInstitute of Chartered Accountants of Sri Lanka 430 0$1001000893823$12001$aChartered accountant in Australia 530 0 $aChartered accountant 675 $a657 676 $a657.05 712 02$aInstitute of Chartered Accountants in Australia 801 0$aIT$bACNP$c20090723 859 4 $uhttp://acnp.cib.unibo.it/cgi-ser/start/it/cnr/dc-p1.tcl?catno=77534&person=false&language=ITALIANO&libr=&libr_th=unina1$zBiblioteche che possiedono il periodico 901 $aSE 912 $a990008938220403321 958 $aBiblioteca della Facoltà di Economia Complesso Universitario Monte S. Angelo- Università degli Studi di Napoli "Federico II"$b1990-$fDECBC 959 $aDECBC 996 $aChartered accountant$9796708 997 $aUNINA AP1 8 $6866-01$aNA042 Biblioteca della Facoltà di Economia Complesso Universitario Monte S. Angelo- Università degli Studi di Napoli "Federico II"$evia Cinthia,26, 80126 Napoli (NA)$m081676647-0816782$m081676684$nit AP2 40$aacnp.cib.unibo.it$nACNP Italian Union Catalogue of Serials$uhttp://acnp.cib.unibo.it/cgi-ser/start/it/cnr/df-p.tcl?catno=77534&language=ITALIANO&libr=&person=&B=1&libr_th=unina&proposto=NO LEADER 01005nam a2200289 i 4500 001 991001564179707536 005 20251121144748.0 008 000104s1995 it er 001 e ita 020 $a887016070X 035 $ab10869748-39ule_inst 035 $aLE02371819$9ExL 040 $aDip.to Studi Storici$bita 082 04$a230.044 082 04$a284 100 1 $aGirardet, Giorgio$d<1919-2011>$0205770 245 10$aCristiani perchè :$bintroduzione alla fede evangelica /$cGiorgio Girardet 250 $a2. ed. interamente riveduta e accresciuta 260 $aTorino :$bClaudiana,$c1995 300 $a165 p. ;$c20 cm 650 4$aChiese evangeliche$xCulto 650 4$aTeologia protestante 907 $a.b10869748$b02-04-14$c28-06-02 912 $a991001564179707536 945 $aLE023 230.044 GIR 1 1$g1$i2023000049723$lle023$o-$pE0.00$q-$rl$s-$t0$u1$v0$w1$x0$y.i10978112$z28-06-02 996 $aCristiani perché$9205050 997 $aUNISALENTO 998 $ale023$b01-01-00$cm$da$e-$feng$gxx$h0$i1